Name A Valid: Star Wars Movie or Show - Statistics

General Stats
  • This quiz has been taken 94 times
  • The average score is 17 of 22
Answer Stats
Name A Valid Star Wars Project % Correct
That is in the Original trilogy A New Hope| The Empire Strikes Back| Return of the Jedi
100%
That is in the Sequel trilogy The Force Awakens| The Last Jedi| The Rise of Skywalker
96%
That is in the Prequel trilogy The Phantom Menace| Attack of the Clones| Revenge of the Sith
96%
That is an animated series Droids| Ewoks| The Clone Wars| Rebels| The Bad Batch| Tales of the Jedi
95%
That has more than 15 episodes Droids| Ewoks| The Mandalorian| The Clone Wars| The Bad Batch| Rebels
93%
That is a live-action series The Mandalorian| The Book of Boba Fett| Obi-Wan Kenobi| Andor
91%
That was released in the 1970's A New Hope| The Star Wars Holiday Special
87%
That is an animated movie The Clone Wars
87%
That has Ahsoka in it The Clone Wars| The Clone Wars| Rebels| The Mandalorian| The Book of Boba Fett
87%
That was released in the 1980's The Empire Strikes Back| Return of the Jedi| Caravan of Courage| Ewoks: The Battle For Endor| Ewoks| Droids
84%
That was released in the 2000's Attack of the Clones| Revenge of the Sith| The Clone Wars Adventures| The Clone Wars| The Clone Wars
83%
That was released in the 1990's The Phantom Menace
81%
That a villain wins in the end overall Revenge of the Sith| Empire Strikes Back
79%
That had a crossover with a different series The Clone Wars| The Bad Batch| The Mandalorian| The Book of Boba Fett
79%
That originally didn't have "Episode" in the title but is a theatrical movie A New Hope| Rogue One| Solo| The Clone Wars
77%
That doesn't have C-3PO or R2-D2 The Bad Batch| The Mandalorian| Solo
77%
That was released at some point in 2022 Andor| Obi-Wan Kenobi| The Book of Boba Fett| Tales of the Jedi
76%
That is a Disney prequel movie Rogue One| Solo
73%
That a Lightsaber isn't Red, Blue or Green all the time in a theatrical movie The Rise of Skywalker| Attack of the Clones| Revenge of the Sith
69%
That is a mini-series The Book of Boba Fett| Obi-Wan Kenobi
60%
That is a ------- Special The Star Wars Holiday Special| The LEGO Star Wars Holiday Special| Terrifying Tales
49%
That is a TV Film Caravan of Courage| Ewoks: The Battle For Endor
24%
No matching quizzes found
Score Distribution
Percent of People with Each Score
Percentile by Number Answered
Your Score History
You have not taken this quiz